[Event "Pombal op 13th"]
[Site "Pombal"]
[Date "2022.10.07"]
[Round "5"]
[White "Povshednyi, Ivan"]
[Black "Almeida, Joao Pedro Dias"]
[Result "1/2-1/2"]
[WhiteElo "2140"]
[BlackElo "1901"]
[PlyCount "89"]
[EventDate "2022.09.28"]
[EventType "swiss"]
[EventRounds "9"]
[EventCountry "POR"]
[SourceTitle "EXT 2024"]
[Source "ChessBase"]
[SourceDate "2023.10.10"]
[SourceVersion "1"]
[SourceVersionDate "2023.10.10"]
[SourceQuality "1"]

1. Nf3 d5 2. g3 Nf6 3. Bg2 g6 4. d4 Bg7 5. c4 c6 6. cxd5 cxd5 7. 0-0 0-0 8. Ne5 Nc6 9. Nc3 Bf5 10. Nxc6 bxc6 11. Na4 Nd7 12. Bf4 e5 13. dxe5 Nxe5 14. Rc1 Rc8 15. b3 Qe7 16. Qd2 Rfd8 17. Bg5 f6 18. Be3 d4 19. Bxd4 Nd3 20. exd3 Rxd4 21. Rfe1 Qd6 22. Qa5 Bh6 23. Rc4 Rxd3 24. Qc5 Qd8 25. Be4 Rd1 26. Rxd1 Qxd1+ 27. Kg2 Bf8 28. Qd4 Qxd4 29. Rxd4 Be6 30. Rd2 Be7 31. Rc2 Kf7 32. Rxc6 Rxc6 33. Bxc6 Bb4 34. Nb2 Ke7 35. Kf3 Kd6 36. Bb5 Kc5 37. Bc4 Bxc4 38. Nxc4 Kd4 39. Ke2 Kc3 40. Ne3 Kb2 41. Nd5 Bd6 42. Kd3 Kxa2 43. Kc2 f5 44. Nc3+ Ka1 45. Nb5 1/2-1/2

[Event "Famalicao op 9th"]
[Site "Vila Nova de Famalicao"]
[Date "2022.07.25"]
[Round "1"]
[White "Almeida, Joao Pedro Dias"]
[Black "Dias, Paulo Jorge Guimara"]
[Result "0-1"]
[WhiteElo "1695"]
[BlackElo "2348"]
[PlyCount "80"]
[EventDate "2022.07.25"]
[EventType "swiss"]
[EventRounds "9"]
[EventCountry "POR"]
[SourceTitle "CBM 209 Extra"]
[Source "ChessBase"]
[SourceDate "2022.09.30"]
[SourceVersion "1"]
[SourceVersionDate "2022.09.30"]
[SourceQuality "1"]

1. e4 e5 2. Nf3 Nc6 3. Bc4 Nf6 4. Ng5 d5 5. exd5 Na5 6. Bb5+ c6 7. dxc6 bxc6 8. Bd3 Be7 9. Nc3 Nd5 10. Nge4 Nf4 11. Bf1 f5 12. Ng3 Bc5 13. d3 Qb6 14. Qf3 0-0 15. Be2 Ne6 16. 0-0 Nd4 17. Qh5 Nxc2 18. Rb1 Nb7 19. Na4 Qa6 20. Nxc5 Nxc5 21. d4 Nd3 22. Rd1 e4 23. Qg5 Nxd4 24. Bxd3 exd3 25. Nh5 Ne6 26. Qe3 f4 27. Qe5 Qb5 28. Bxf4 Qxe5 29. Bxe5 Rf5 30. Bxg7 Rxh5 31. Bc3 Nf4 32. h3 Rg5 33. Bd2 Rxg2+ 34. Kf1 Bxh3 35. Bxf4 Rg4+ 36. Ke1 Rxf4 37. Rxd3 Re8+ 38. Kd2 Rxf2+ 39. Kc3 Bf5 40. Rd6 Bxb1 0-1

[Event "POR-chT Blitz"]
[Site "Viseu"]
[Date "2022.06.12"]
[Round "5.6"]
[White "Almeida, Joao Pedro Dias"]
[Black "Santos, Antonio Pereira"]
[Result "1/2-1/2"]
[WhiteElo "1633"]
[BlackElo "2188"]
[PlyCount "70"]
[EventDate "2022.06.12"]
[EventType "team-swiss (blitz)"]
[EventRounds "7"]
[EventCountry "POR"]
[SourceTitle "CBM 208 Extra"]
[Source "ChessBase"]
[SourceDate "2022.07.31"]
[SourceVersion "1"]
[SourceVersionDate "2022.07.31"]
[SourceQuality "1"]
[WhiteTeam "Colegio Portugues"]
[BlackTeam "Alekhine"]
[WhiteTeamCountry "POR"]
[BlackTeamCountry "POR"]

1. d4 Nf6 2. Nf3 d5 3. g3 e6 4. Bg2 c5 5. e3 Nc6 6. 0-0 Be7 7. b3 0-0 8. Bb2 b6 9. c4 Bb7 10. cxd5 exd5 11. dxc5 bxc5 12. Nc3 Qd7 13. Qe2 Rfd8 14. Rfd1 Nb4 15. Ne5 Qe6 16. Nb5 Ba6 17. a3 Nc6 18. Nxc6 Qxc6 19. a4 Rab8 20. Nxa7 Qb6 21. Nb5 Bxb5 22. axb5 Qxb5 23. Qxb5 Rxb5 24. Ra7 Kf8 25. Bxf6 Bxf6 26. Bxd5 Be7 27. Bf3 Rxb3 28. Rxd8+ Bxd8 29. Rd7 Be7 30. Rc7 g6 31. Rc8+ Kg7 32. Rc7 Kf6 33. Rc6+ Kg7 34. Rc7 Kf6 35. Rc6+ Kg7 1/2-1/2

[Event "POR-ch U14/20"]
[Site "Fatima"]
[Date "2022.04.11"]
[Round "2"]
[White "Ribeiro, Gustavo"]
[Black "Almeida, Joao Pedro Dias"]
[Result "1-0"]
[WhiteElo "1860"]
[BlackElo "1508"]
[PlyCount "61"]
[EventDate "2022.04.10"]
[EventType "swiss"]
[EventRounds "9"]
[EventCountry "POR"]
[SourceTitle "EXT 2023"]
[Source "ChessBase"]
[SourceDate "2022.10.05"]
[SourceVersion "1"]
[SourceVersionDate "2022.10.05"]
[SourceQuality "1"]

1. c4 Nf6 2. Nc3 e6 3. e4 d5 4. e5 d4 5. exf6 dxc3 6. bxc3 Qxf6 7. d4 c5 8. Nf3 cxd4 9. cxd4 Bb4+ 10. Bd2 Bxd2+ 11. Qxd2 0-0 12. Be2 b6 13. 0-0 Bb7 14. Ne5 Rd8 15. Rfd1 Nc6 16. Nxc6 Bxc6 17. Qe3 Rac8 18. Rac1 Rc7 19. Rd3 Rcd7 20. Rcd1 b5 21. d5 bxc4 22. dxc6 Rxd3 23. Bxd3 Rxd3 24. Rb1 Qd8 25. Qc1 c3 26. g3 h6 27. Qc2 Rd6 28. Qxc3 Qc7 29. Rc1 f6 30. Qc5 Kf7 31. Qxd6 1-0

[Event "Maia op 5th"]
[Site "Maia"]
[Date "2021.09.02"]
[Round "4"]
[White "Almeida, Joao Pedro Dias"]
[Black "Morgado, Jorge"]
[Result "1/2-1/2"]
[WhiteElo "1271"]
[BlackElo "1376"]
[PlyCount "113"]
[EventDate "2021.08.30"]
[EventType "swiss"]
[EventRounds "7"]
[EventCountry "POR"]
[SourceTitle "CBM 204 Extra"]
[Source "ChessBase"]
[SourceDate "2021.11.30"]
[SourceVersion "1"]
[SourceVersionDate "2021.11.30"]
[SourceQuality "1"]

1. d4 d5 2. Bf4 Nf6 3. e3 e6 4. Nf3 c5 5. c3 Nc6 6. Nbd2 cxd4 7. exd4 Bd6 8. Bxd6 Qxd6 9. Bb5 0-0 10. 0-0 a6 11. Bd3 e5 12. dxe5 Nxe5 13. Nxe5 Qxe5 14. Nf3 Qf4 15. Qc2 Bg4 16. Nd4 Rfe8 17. Rfe1 Bh5 18. g3 Qc7 19. f4 Bg4 20. Bf5 Qb6 21. Bxg4 Nxg4 22. Qb3 Qh6 23. Nf3 Qc6 24. Rad1 Ne3 25. Rd3 d4 26. cxd4 Nd5 27. Rxe8+ Rxe8 28. Ne5 Qb5 29. Qxb5 axb5 30. Rb3 b4 31. Kf2 f6 32. Nd3 Re3 33. Nc5 Re7 34. a3 b6 35. Nd3 bxa3 36. bxa3 Rc7 37. Nb4 Nxb4 38. Rxb4 Rc2+ 39. Kf3 f5 40. Rb3 Kf7 41. Ke3 Rxh2 42. Rxb6 Rg2 43. Kf3 Rd2 44. Rb7+ Kf6 45. a4 Rxd4 46. a5 Rd3+ 47. Kf2 Ra3 48. Ra7 h5 49. Ra8 Ra2+ 50. Kf3 Ra3+ 51. Kg2 Ra2+ 52. Kh3 Ra1 53. a6 Kg6 54. a7 Ra2 55. Rb8 Rxa7 56. Rb6+ Kh7 57. Kh4 1/2-1/2

[Event "Guimaraes op 3rd"]
[Site "Guimaraes"]
[Date "2019.08.31"]
[Round "6"]
[White "Almeida, Joao Pedro Dias"]
[Black "Carvalho, Francisco Daniel"]
[Result "0-1"]
[WhiteElo "1119"]
[BlackElo "1082"]
[PlyCount "76"]
[EventDate "2019.08.28"]
[EventType "swiss"]
[EventRounds "7"]
[EventCountry "POR"]
[SourceTitle "EXT 2020"]
[Source "ChessBase"]
[SourceDate "2019.10.17"]
[SourceVersion "1"]
[SourceVersionDate "2019.10.17"]
[SourceQuality "1"]

1. e4 e5 2. Nf3 Nc6 3. Bb5 a6 4. Ba4 Nf6 5. d3 h6 6. 0-0 Bb4 7. a3 Ba5 8. Bd2 Bb6 9. Bxc6 bxc6 10. Nxe5 d6 11. Nf3 Bg4 12. h3 Bh5 13. g4 Bg6 14. Nc3 0-0 15. Re1 Re8 16. Qe2 Nd7 17. Be3 f6 18. d4 Re7 19. Qc4+ Kh7 20. Qxc6 Rc8 21. b4 Qe8 22. Nd2 Nb8 23. Qxe8 Rcxe8 24. f3 Nc6 25. f4 Nxd4 26. Red1 Nxc2 27. Nd5 Bxe3+ 28. Kg2 Bxd2 29. Ra2 Ne3+ 30. Kf3 Nxd1 31. Nxe7 Rxe7 32. Rxd2 Bxe4+ 33. Ke2 Nc3+ 34. Kf2 Bf5 35. Kg2 Be4+ 36. Kg3 Ba8 37. Rc2 Re3+ 38. Kh4 g5+ 0-1